[Event "WYCC Open U18"]
[Site "Porto Carras"]
[Date "2015.11.01"]
[Round "7.2"]
[White "Alekseenko, Kirill"]
[Black "Kaczur, Florian"]
[Result "1-0"]
[BlackElo "2376"]
[WhiteElo "2539"]
[LiveChessVersion "1.4.6"]

1. e4 {[%clk 1:30:20]} e5 {[%clk 1:30:51]} 2. Nf3 {[%clk 1:30:19]} Nc6
{[%clk 1:30:52]} 3. Bb5 {[%clk 1:30:07]} a6 {[%clk 1:31:08]} 4. Ba4
{[%clk 1:29:31]} Nf6 {[%clk 1:31:01]} 5. Bxc6 {[%clk 1:29:36]} dxc6
{[%clk 1:31:24]} 6. d3 {[%clk 1:30:00]} Bd6 {[%clk 1:30:28]} 7. Nbd2
{[%clk 1:30:03]} Be6 {[%clk 1:29:04]} 8. O-O {[%clk 1:29:56]} O-O
{[%clk 1:28:52]} 9. b3 {[%clk 1:29:11]} Nd7 {[%clk 1:28:32]} 10. Bb2
{[%clk 1:26:40]} Qe7 {[%clk 1:28:18]} 11. Qe2 {[%clk 1:24:40]} b5
{[%clk 1:24:52]} 12. d4 {[%clk 1:17:34]} Qf6 {[%clk 1:18:02]} 13. Rae1
{[%clk 1:02:04]} Rfe8 {[%clk 1:08:09]} 14. h3 {[%clk 0:47:51]} Rad8
{[%clk 1:07:23]} 15. c4 {[%clk 0:42:47]} Qg6 {[%clk 1:01:59]} 16. dxe5
{[%clk 0:35:44]} Bb4 {[%clk 0:58:44]} 17. Rd1 {[%clk 0:29:43]} Bxh3
{[%clk 0:55:32]} 18. Nh4 {[%clk 0:30:04]} Qg4 {[%clk 0:53:12]} 19. Ndf3
{[%clk 0:18:15]} Be7 {[%clk 0:47:50]} 20. Kh2 {[%clk 0:17:42]} Bxh4
{[%clk 0:47:44]} 21. gxh3 {[%clk 0:17:57]} Qh5 {[%clk 0:47:47]} 22. Rg1
{[%clk 0:15:05]} Nxe5 {[%clk 0:39:35]} 23. Bxe5 {[%clk 0:15:13]} Rxe5
{[%clk 0:39:52]} 24. Nxh4 {[%clk 0:14:55]} Qxh4 {[%clk 0:38:56]} 25. Qg4
{[%clk 0:15:08]} Qxf2+ {[%clk 0:38:55]} 26. Rg2 {[%clk 0:13:44]} Qxg2+
{[%clk 0:38:50]} 27. Kxg2 1-0

[Event "WYCC Open U18"]
[Site "Porto Carras"]
[Date "2015.11.01"]
[Round "7.3"]
[White "Sanal, Vahap"]
[Black "Vavulin, Maksim"]
[Result "1-0"]
[BlackElo "2441"]
[WhiteElo "2501"]
[LiveChessVersion "1.4.6"]

1. e4 {[%clk 1:30:52]} g6 {[%clk 1:30:42]} 2. d4 {[%clk 1:31:13]} Bg7
{[%clk 1:31:10]} 3. Nf3 {[%clk 1:31:29]} d6 {[%clk 1:31:32]} 4. Bd3
{[%clk 1:31:34]} c5 {[%clk 1:31:06]} 5. d5 {[%clk 1:30:04]} e6 {[%clk 1:29:58]}
6. O-O {[%clk 1:28:43]} Ne7 {[%clk 1:28:58]} 7. Nc3 {[%clk 1:17:15]} O-O
{[%clk 1:28:03]} 8. Re1 {[%clk 1:13:21]} h6 {[%clk 1:25:59]} 9. dxe6
{[%clk 1:11:53]} Bxe6 {[%clk 1:10:44]} 10. Bf4 {[%clk 1:11:48]} Nbc6
{[%clk 1:09:16]} 11. Qd2 {[%clk 1:04:57]} g5 {[%clk 1:05:07]} 12. Bg3
{[%clk 1:04:37]} Ng6 {[%clk 1:03:40]} 13. h3 {[%clk 1:02:50]} Nce5
{[%clk 0:53:03]} 14. Be2 {[%clk 1:01:34]} Qb6 {[%clk 0:50:03]} 15. Rab1
{[%clk 1:00:23]} Rad8 {[%clk 0:47:19]} 16. Nxe5 {[%clk 0:56:07]} Bxe5
{[%clk 0:38:46]} 17. Qe3 {[%clk 0:55:02]} Bd4 {[%clk 0:36:28]} 18. Qf3
{[%clk 0:54:34]} Kg7 {[%clk 0:33:15]} 19. Nd5 {[%clk 0:44:56]} Bxd5
{[%clk 0:29:05]} 20. exd5 {[%clk 0:45:05]} f5 {[%clk 0:29:18]} 21. Bd3
{[%clk 0:39:28]} Rf6 {[%clk 0:16:31]} 22. Re6 {[%clk 0:36:51]} f4
{[%clk 0:12:27]} 23. Qh5 {[%clk 0:28:33]} Nh8 {[%clk 0:06:19]} 24. Bxf4
{[%clk 0:21:01]} gxf4 {[%clk 0:05:26]} 25. Rbe1 {[%clk 0:19:37]} c4
{[%clk 0:03:10]} 26. Qg4+ {[%clk 0:18:59]} Kf8 {[%clk 0:02:59]} 27. Bh7
{[%clk 0:19:13]} Ng6 {[%clk 0:00:34]} 28. Rxf6+ {[%clk 0:20:01]} Bxf6
{[%clk 0:01:33]} 29. Qxg6 {[%clk 0:20:10]} 1-0

[Event "WYCC Open U18"]
[Site "Porto Carras"]
[Date "2015.11.01"]
[Round "7.4"]
[White "Sosa, Tomas"]
[Black "Yuffa, Daniil"]
[Result "0-1"]
[BlackElo "2485"]
[WhiteElo "2405"]
[LiveChessVersion "1.4.6"]

1. e4 {[%clk 1:30:46]} Nf6 {[%clk 1:30:55]} 2. e5 {[%clk 1:30:34]} Nd5
{[%clk 1:31:21]} 3. c4 {[%clk 1:30:59]} Nb6 {[%clk 1:31:48]} 4. d4
{[%clk 1:31:24]} d6 {[%clk 1:32:16]} 5. exd6 {[%clk 1:30:38]} exd6
{[%clk 1:32:41]} 6. Nc3 {[%clk 1:29:59]} Be7 {[%clk 1:33:05]} 7. Bd3
{[%clk 1:29:28]} O-O {[%clk 1:33:23]} 8. Nge2 {[%clk 1:29:49]} Nc6
{[%clk 1:33:40]} 9. O-O {[%clk 1:27:02]} Bf6 {[%clk 1:33:42]} 10. h3
{[%clk 1:24:08]} Re8 {[%clk 1:31:03]} 11. b3 {[%clk 1:18:38]} d5 {[%clk 1:27:21]}
12. c5 {[%clk 1:14:21]} Nd7 {[%clk 1:26:14]} 13. a3 {[%clk 0:58:54]} Nf8
{[%clk 1:16:19]} 14. Be3 {[%clk 0:53:35]} Ne7 {[%clk 1:12:40]} 15. Qc2
{[%clk 0:47:56]} g6 {[%clk 1:12:23]} 16. g4 {[%clk 0:44:20]} Bg7 {[%clk 1:10:59]}
17. Qd2 {[%clk 0:37:35]} Nc6 {[%clk 1:03:15]} 18. Bc2 {[%clk 0:32:30]} b6
{[%clk 0:57:36]} 19. b4 {[%clk 0:29:53]} bxc5 {[%clk 0:55:19]} 20. bxc5
{[%clk 0:29:53]} Na5 {[%clk 0:53:39]} 21. Qd3 {[%clk 0:22:56]} Nc4
{[%clk 0:50:12]} 22. Ba4 {[%clk 0:22:14]} Bd7 {[%clk 0:34:16]} 23. Bxd7
{[%clk 0:16:51]} Qxd7 {[%clk 0:33:58]} 24. Nxd5 {[%clk 0:15:23]} Qxd5
{[%clk 0:31:51]} 25. Nf4 {[%clk 0:15:48]} Qf3 {[%clk 0:22:03]} 26. Qxc4
{[%clk 0:16:12]} Re4 {[%clk 0:21:38]} 27. Ng2 {[%clk 0:15:00]} Qxh3
{[%clk 0:21:49]} 28. f3 {[%clk 0:14:37]} Rxe3 {[%clk 0:16:39]} 29. Nxe3
{[%clk 0:15:00]} Ne6 {[%clk 0:16:23]} 30. Rad1 {[%clk 0:09:30]} Nf4
{[%clk 0:11:30]} 31. Rd2 {[%clk 0:08:18]} Re8 {[%clk 0:11:33]} 32. Nd5
{[%clk 0:07:15]} Re2 {[%clk 0:11:09]} 33. Qxe2 {[%clk 0:02:33]} Bxd4+
{[%clk 0:11:10]} 34. Qe3 {[%clk 0:02:50]} Bxe3+ {[%clk 0:10:17]} 35. Nxe3
{[%clk 0:03:19]} Qg3+ {[%clk 0:10:03]} 36. Kh1 {[%clk 0:03:09]} Qh4+
{[%clk 0:10:10]} 37. Rh2 {[%clk 0:01:31]} Qg5 {[%clk 0:10:28]} 38. Rc2
{[%clk 0:01:43]} Nd3 {[%clk 0:08:48]} 39. Ng2 {[%clk 0:01:19]} Nxc5
{[%clk 0:08:44]} 40. Rb1 {[%clk 0:30:42]} Ne6 {[%clk 0:38:14]} 41. Rb4
{[%clk 0:25:17]} Qd5 {[%clk 0:37:25]} 42. Rc3 {[%clk 0:24:43]} c5
{[%clk 0:36:03]} 43. Re4 {[%clk 0:22:57]} Kg7 {[%clk 0:34:08]} 44. a4
{[%clk 0:21:48]} Qd1+ {[%clk 0:33:59]} 45. Kh2 {[%clk 0:21:10]} Nd4
{[%clk 0:33:46]} 46. Kg3 {[%clk 0:20:24]} Ne2+ {[%clk 0:31:06]} 47. Rxe2
{[%clk 0:20:50]} Qxe2 {[%clk 0:31:34]} 48. Rxc5 {[%clk 0:21:08]} Qa6
{[%clk 0:31:59]} 49. Nf4 {[%clk 0:21:06]} Qxa4 {[%clk 0:32:13]} 50. Rc7
{[%clk 0:21:24]} Qa5 {[%clk 0:32:20]} 51. Re7 {[%clk 0:21:12]} Kf8
{[%clk 0:32:24]} 52. Rd7 {[%clk 0:21:36]} Qe5 {[%clk 0:29:48]} 53. Rd5
{[%clk 0:21:38]} Qc7 {[%clk 0:29:55]} 54. g5 {[%clk 0:21:56]} a5 {[%clk 0:30:07]}
55. Kg4 {[%clk 0:22:07]} a4 {[%clk 0:30:18]} 56. Rd4 {[%clk 0:22:32]} a3
{[%clk 0:30:15]} 57. Rd3 {[%clk 0:22:23]} Qa5 {[%clk 0:29:55]} 58. Rb3
{[%clk 0:22:45]} Qf5+ {[%clk 0:30:07]} 0-1

[Event "WYCC Open U18"]
[Site "Porto Carras"]
[Date "2015.11.01"]
[Round "7.5"]
[White "Bellahcene, Bilel"]
[Black "Faizrakhmanov, Ramil"]
[Result "0-1"]
[BlackElo "2389"]
[WhiteElo "2455"]
[LiveChessVersion "1.4.6"]

1. e4 {[%clk 1:30:57]} c6 {[%clk 1:30:04]} 2. d4 {[%clk 1:31:25]} d5
{[%clk 1:30:24]} 3. e5 {[%clk 1:31:53]} Bf5 {[%clk 1:30:11]} 4. h4
{[%clk 1:32:13]} h5 {[%clk 1:27:11]} 5. Bd3 {[%clk 1:32:34]} Bxd3
{[%clk 1:26:47]} 6. Qxd3 {[%clk 1:33:01]} e6 {[%clk 1:26:02]} 7. Bg5
{[%clk 1:33:28]} Qb6 {[%clk 1:22:20]} 8. Nd2 {[%clk 1:33:38]} Ne7
{[%clk 1:20:52]} 9. Ngf3 {[%clk 1:33:47]} Nf5 {[%clk 1:19:52]} 10. O-O
{[%clk 1:34:06]} Qa6 {[%clk 1:14:14]} 11. c4 {[%clk 1:34:25]} Bb4
{[%clk 1:14:04]} 12. b3 {[%clk 1:28:32]} Bxd2 {[%clk 1:11:16]} 13. Qxd2
{[%clk 1:25:27]} dxc4 {[%clk 1:02:35]} 14. bxc4 {[%clk 1:23:53]} Qxc4
{[%clk 0:59:03]} 15. Rfc1 {[%clk 1:23:17]} Qd5 {[%clk 0:57:27]} 16. Qb4
{[%clk 0:58:53]} b6 {[%clk 0:57:02]} 17. Rc2 {[%clk 0:58:42]} Na6
{[%clk 0:47:00]} 18. Qa4 {[%clk 0:53:04]} Qb5 {[%clk 0:46:08]} 19. Qa3
{[%clk 0:53:16]} Nb4 {[%clk 0:45:35]} 20. Rb2 {[%clk 0:52:24]} c5
{[%clk 0:38:53]} 21. dxc5 {[%clk 0:44:32]} bxc5 {[%clk 0:39:13]} 22. Qc3
{[%clk 0:36:35]} O-O {[%clk 0:34:37]} 23. a3 {[%clk 0:32:36]} Nd5
{[%clk 0:33:36]} 24. Rxb5 {[%clk 0:32:47]} Nxc3 {[%clk 0:32:15]} 25. Rxc5
{[%clk 0:33:12]} Rfc8 {[%clk 0:32:19]} 26. Rxc8+ {[%clk 0:33:39]} Rxc8
{[%clk 0:32:42]} 27. Bd2 {[%clk 0:33:39]} Rc4 {[%clk 0:26:48]} 28. Kf1
{[%clk 0:30:54]} Ne4 {[%clk 0:25:58]} 29. Be1 {[%clk 0:31:08]} Nc5
{[%clk 0:23:01]} 30. g3 {[%clk 0:30:35]} Nd4 {[%clk 0:22:19]} 31. Nxd4
{[%clk 0:29:49]} Rxd4 {[%clk 0:22:48]} 32. Rc1 {[%clk 0:29:14]} Rd5
{[%clk 0:21:18]} 33. Bb4 {[%clk 0:26:03]} Nb3 {[%clk 0:16:11]} 34. Rc8+
{[%clk 0:23:36]} Kh7 {[%clk 0:16:37]} 35. Rc7 {[%clk 0:23:08]} a5
{[%clk 0:16:48]} 36. Bc3 {[%clk 0:22:55]} Kg6 {[%clk 0:17:08]} 37. a4
{[%clk 0:22:36]} Nc5 {[%clk 0:16:46]} 38. Ra7 {[%clk 0:21:19]} Nxa4
{[%clk 0:16:54]} 39. Bxa5 {[%clk 0:21:46]} Rxe5 {[%clk 0:16:51]} 40. Bc7
{[%clk 0:50:12]} Re4 {[%clk 0:46:36]} 41. Ra5 {[%clk 0:50:12]} f6
{[%clk 0:44:54]} 42. Ra7 {[%clk 0:48:24]} Nc3 {[%clk 0:42:22]} 43. Rb7
{[%clk 0:48:47]} Rd4 {[%clk 0:41:45]} 44. Ba5 {[%clk 0:47:30]} Ne4
{[%clk 0:39:42]} 45. Rb2 {[%clk 0:47:35]} e5 {[%clk 0:38:10]} 46. Ke2
{[%clk 0:45:45]} Kf5 {[%clk 0:35:59]} 47. Be1 {[%clk 0:42:49]} g6
{[%clk 0:33:57]} 48. Rc2 {[%clk 0:42:47]} Nd6 {[%clk 0:30:55]} 49. Bd2
{[%clk 0:42:40]} Rc4 {[%clk 0:28:17]} 50. Rb2 {[%clk 0:40:53]} Re4+
{[%clk 0:28:00]} 51. Kf1 {[%clk 0:40:15]} Ra4 {[%clk 0:28:03]} 52. Kg2
{[%clk 0:30:43]} Nc4 {[%clk 0:23:01]} 53. Rc2 {[%clk 0:31:01]} Ke4
{[%clk 0:22:45]} 54. Bh6 {[%clk 0:31:14]} Kd3 {[%clk 0:20:46]} 55. Rc1
{[%clk 0:31:42]} Ra2 {[%clk 0:20:39]} 56. Rd1+ {[%clk 0:31:06]} Ke4
{[%clk 0:20:41]} 57. Re1+ {[%clk 0:30:50]} Kf5 {[%clk 0:19:45]} 58. Rc1
{[%clk 0:30:26]} Ra4 {[%clk 0:17:44]} 59. Rc2 {[%clk 0:30:13]} e4
{[%clk 0:16:17]} 60. Bf8 {[%clk 0:29:48]} Ne5 {[%clk 0:15:53]} 61. Bd6
{[%clk 0:28:27]} Nd3 {[%clk 0:15:49]} 62. Kf1 {[%clk 0:26:57]} Kg4
{[%clk 0:05:22]} 63. Ke2 {[%clk 0:26:19]} Ra6 {[%clk 0:04:14]} 64. Be7
{[%clk 0:23:31]} Ne5 {[%clk 0:04:16]} 65. Bb4 {[%clk 0:21:47]} f5
{[%clk 0:04:15]} 66. Rc7 {[%clk 0:15:43]} Nd3 {[%clk 0:02:55]} 67. Bd2
{[%clk 0:15:35]} Ra2 {[%clk 0:02:58]} 68. Rd7 {[%clk 0:09:11]} Ne5
{[%clk 0:03:06]} 69. Rd6 {[%clk 0:08:37]} Nc4 {[%clk 0:03:23]} 0-1

[Event "WYCC Open U18"]
[Site "Porto Carras"]
[Date "2015.11.01"]
[Round "7.6"]
[White "Tran, Tuan Minh"]
[Black "Khodashenas, Mersad"]
[Result "1/2-1/2"]
[BlackElo "2350"]
[WhiteElo "2444"]
[LiveChessVersion "1.4.6"]

1. d4 {[%clk 1:30:26]} e6 {[%clk 1:30:59]} 2. Bf4 {[%clk 1:30:39]} Nf6
{[%clk 1:31:17]} 3. e3 {[%clk 1:31:05]} d5 {[%clk 1:25:38]} 4. Bd3
{[%clk 1:31:03]} Nbd7 {[%clk 1:21:50]} 5. Nd2 {[%clk 1:31:21]} Be7
{[%clk 1:19:41]} 6. h3 {[%clk 1:31:01]} b6 {[%clk 1:18:44]} 7. Ngf3
{[%clk 1:31:22]} Bb7 {[%clk 1:18:22]} 8. O-O {[%clk 1:31:13]} O-O
{[%clk 1:17:45]} 9. a4 {[%clk 1:23:26]} c5 {[%clk 1:10:30]} 10. c3
{[%clk 1:23:43]} Ne4 {[%clk 1:10:41]} 11. a5 {[%clk 1:01:37]} Bc6
{[%clk 0:55:10]} 12. axb6 {[%clk 0:48:12]} axb6 {[%clk 0:51:25]} 13. Qe2
{[%clk 0:47:12]} Ra5 {[%clk 0:33:14]} 14. Rxa5 {[%clk 0:45:39]} bxa5
{[%clk 0:32:00]} 15. Bxe4 {[%clk 0:16:47]} dxe4 {[%clk 0:32:20]} 16. Qa6
{[%clk 0:16:22]} Qa8 {[%clk 0:17:58]} 17. Qxa8 {[%clk 0:16:46]} Rxa8
{[%clk 0:18:27]} 18. Ng5 {[%clk 0:16:40]} e5 {[%clk 0:16:47]} 19. dxe5
{[%clk 0:16:55]} Bxg5 {[%clk 0:17:08]} 20. Bxg5 {[%clk 0:17:21]} Nxe5
{[%clk 0:17:35]} 21. Ra1 {[%clk 0:08:02]} a4 {[%clk 0:07:07]} 22. b3
{[%clk 0:06:34]} f6 {[%clk 0:02:10]} 23. Bf4 {[%clk 0:04:15]} Rd8
{[%clk 0:02:39]} 24. Ra2 {[%clk 0:04:44]} axb3 {[%clk 0:00:45]} 25. Nxb3
{[%clk 0:05:13]} Rd1+ {[%clk 0:00:41]} 26. Kh2 {[%clk 0:05:42]} Bd5
{[%clk 0:00:35]} 27. Bxe5 {[%clk 0:04:43]} Bxb3 {[%clk 0:00:35]} 28. Ra3
{[%clk 0:04:15]} fxe5 {[%clk 0:00:34]} 29. Rxb3 {[%clk 0:04:44]} Rd3
{[%clk 0:00:33]} 30. Rb7 {[%clk 0:01:36]} Kf8 {[%clk 0:00:38]} 31. c4
{[%clk 0:02:05]} Rc3 {[%clk 0:00:31]} 32. Rd7 {[%clk 0:02:34]} Rxc4
{[%clk 0:00:41]} 33. Kg3 {[%clk 0:02:52]} h6 {[%clk 0:00:35]} 34. h4
{[%clk 0:03:19]} g6 {[%clk 0:00:32]} 35. h5 {[%clk 0:02:22]} gxh5
{[%clk 0:00:39]} 36. Rh7 {[%clk 0:02:51]} h4+ {[%clk 0:00:33]} 37. Kxh4
{[%clk 0:03:16]} Rc1 {[%clk 0:00:46]} 38. Kg3 {[%clk 0:03:04]} Rh1
{[%clk 0:00:48]} 39. Rc7 {[%clk 0:01:28]} Rc1 {[%clk 0:00:34]} 40. Rc6
{[%clk 0:31:18]} h5 {[%clk 0:30:32]} 41. Re6 {[%clk 0:31:21]} Rf1
{[%clk 0:12:59]} 42. Rf6+ {[%clk 0:08:13]} Ke7 {[%clk 0:06:59]} 43. Rf5
{[%clk 0:08:38]} h4+ {[%clk 0:07:23]} 44. Kxh4 Ke6 45. Rf8 {[%clk 0:04:20]} Ke7
{[%clk 0:07:55]} 1/2-1/2

[Event "WYCC Open U18"]
[Site "Porto Carras"]
[Date "2015.11.01"]
[Round "7.7"]
[White "Saiyn, Zhanat"]
[Black "Daskalov, Dimitar"]
[Result "1/2-1/2"]
[BlackElo "2338"]
[WhiteElo "2409"]
[LiveChessVersion "1.4.6"]

1. d4 {[%clk 1:30:58]} d5 {[%clk 1:30:54]} 2. Nf3 {[%clk 1:31:21]} e6
{[%clk 1:31:12]} 3. c4 {[%clk 1:31:20]} c6 {[%clk 1:31:38]} 4. Qc2
{[%clk 1:30:55]} f5 {[%clk 1:30:46]} 5. Bf4 {[%clk 1:29:17]} Nf6 {[%clk 1:30:40]}
6. e3 {[%clk 1:29:08]} Be7 {[%clk 1:26:14]} 7. Bd3 {[%clk 1:28:27]} O-O
{[%clk 1:26:32]} 8. Nc3 {[%clk 1:27:45]} a6 {[%clk 1:01:45]} 9. h3
{[%clk 1:24:54]} Ne4 {[%clk 0:54:09]} 10. Ne5 {[%clk 1:22:54]} Nd7
{[%clk 0:53:01]} 11. O-O {[%clk 1:08:30]} g5 {[%clk 0:47:09]} 12. Bh2
{[%clk 1:08:18]} Nxe5 {[%clk 0:46:28]} 13. Bxe5 {[%clk 1:07:14]} Bd6
{[%clk 0:45:46]} 14. f4 {[%clk 0:54:53]} gxf4 {[%clk 0:33:24]} 15. exf4
{[%clk 0:54:05]} Bxe5 {[%clk 0:31:19]} 16. fxe5 {[%clk 0:53:42]} Qg5
{[%clk 0:28:17]} 17. Bxe4 {[%clk 0:52:48]} dxe4 {[%clk 0:28:43]} 18. Qc1
{[%clk 0:52:32]} Qg7 {[%clk 0:24:15]} 19. Qf4 {[%clk 0:47:20]} Bd7
{[%clk 0:23:06]} 20. Kh2 {[%clk 0:46:43]} c5 {[%clk 0:19:47]} 21. d5
{[%clk 0:43:59]} b5 {[%clk 0:19:35]} 22. d6 {[%clk 0:35:51]} bxc4
{[%clk 0:17:40]} 23. Rae1 {[%clk 0:32:38]} Kh8 {[%clk 0:14:09]} 24. Rf2
{[%clk 0:26:01]} Rg8 {[%clk 0:11:40]} 25. Nd1 {[%clk 0:24:18]} Qg6
{[%clk 0:05:24]} 26. Ne3 {[%clk 0:24:28]} Qh5 {[%clk 0:05:03]} 27. g4
{[%clk 0:17:18]} Qh4 {[%clk 0:05:21]} 28. Rg1 {[%clk 0:09:40]} Rab8
{[%clk 0:04:02]} 29. Ng2 {[%clk 0:08:09]} Qg5 {[%clk 0:04:22]} 30. gxf5
{[%clk 0:07:51]} Qxf5 {[%clk 0:03:37]} 31. Re1 {[%clk 0:04:36]} Qxf4+
{[%clk 0:01:56]} 32. Nxf4 {[%clk 0:04:42]} Rgf8 {[%clk 0:01:38]} 33. Rxe4
{[%clk 0:02:23]} Rf5 {[%clk 0:02:05]} 34. Rd2 {[%clk 0:02:09]} Rbf8
{[%clk 0:02:07]} 35. Ng2 {[%clk 0:01:50]} Rf2 {[%clk 0:02:00]} 36. Ree2
{[%clk 0:01:58]} Rf1 {[%clk 0:01:54]} 37. Ne3 {[%clk 0:01:36]} Ra1
{[%clk 0:01:54]} 38. Rf2 {[%clk 0:02:00]} Rg8 {[%clk 0:01:57]} 39. Rg2
{[%clk 0:01:00]} Rd8 {[%clk 0:00:57]} 40. Nxc4 {[%clk 0:30:43]} Bc6
{[%clk 0:31:23]} 41. Rg1 {[%clk 0:28:29]} Rxa2 {[%clk 0:30:14]} 42. b3
{[%clk 0:25:05]} Rxd2+ {[%clk 0:30:36]} 43. Nxd2 {[%clk 0:25:31]} Rf8
{[%clk 0:28:01]} 44. Rf1 {[%clk 0:25:54]} Rg8 {[%clk 0:28:24]} 45. Rf2
{[%clk 0:26:09]} Kg7 {[%clk 0:24:20]} 46. Nc4 {[%clk 0:23:09]} Rb8
{[%clk 0:24:21]} 47. Na5 {[%clk 0:21:04]} Bd7 {[%clk 0:22:36]} 48. Ra2
{[%clk 0:19:34]} Kf7 {[%clk 0:19:19]} 49. Kg3 {[%clk 0:19:16]} Kg6
{[%clk 0:18:28]} 50. Kf2 {[%clk 0:18:52]} Kf5 {[%clk 0:16:53]} 51. Nc4
{[%clk 0:19:01]} Bb5 {[%clk 0:16:48]} 52. Re2 {[%clk 0:16:47]} Bxc4
{[%clk 0:16:14]} 53. bxc4 {[%clk 0:16:55]} a5 {[%clk 0:16:08]} 54. Kf3
{[%clk 0:14:16]} a4 {[%clk 0:14:21]} 55. Re3 {[%clk 0:14:42]} Rd8
{[%clk 0:14:41]} 56. h4 {[%clk 0:13:57]} h5 {[%clk 0:14:43]} 57. Kg3
{[%clk 0:14:08]} a3 {[%clk 0:14:46]} 58. Rxa3 {[%clk 0:14:30]} Kxe5
{[%clk 0:15:11]} 59. Re3+ {[%clk 0:14:46]} Kd4 {[%clk 0:13:27]} 60. Rxe6
{[%clk 0:15:02]} Kxc4 {[%clk 0:13:53]} 61. Kf4 {[%clk 0:14:09]} Kd5
{[%clk 0:14:17]} 62. Rh6 {[%clk 0:12:04]} Rxd6 {[%clk 0:14:42]} 63. Rxh5+
{[%clk 0:12:25]} Kd4 {[%clk 0:15:07]} 64. Rh8 {[%clk 0:12:09]} c4
{[%clk 0:15:26]} 65. h5 {[%clk 0:11:25]} c3 {[%clk 0:15:52]} 66. Rc8
{[%clk 0:09:49]} Kd3 {[%clk 0:16:07]} 67. Kg5 {[%clk 0:09:07]} c2
{[%clk 0:16:31]} 68. h6 {[%clk 0:08:33]} Rxh6 {[%clk 0:16:55]} 1/2-1/2

[Event "WYCC Open U18"]
[Site "Porto Carras"]
[Date "2015.11.01"]
[Round "7.8"]
[White "Kessler, Luca"]
[Black "Vaibhav, Suri"]
[Result "1/2-1/2"]
[BlackElo "2561"]
[WhiteElo "2380"]
[LiveChessVersion "1.4.6"]

1. d4 {[%clk 1:30:41]} d5 {[%clk 1:30:38]} 2. c4 {[%clk 1:30:35]} e6
{[%clk 1:30:59]} 3. Nc3 {[%clk 1:30:08]} c6 {[%clk 1:31:22]} 4. e3
{[%clk 1:29:38]} Nf6 {[%clk 1:30:55]} 5. Nf3 {[%clk 1:29:51]} Nbd7
{[%clk 1:31:05]} 6. Bd3 {[%clk 1:28:29]} dxc4 {[%clk 1:31:10]} 7. Bxc4
{[%clk 1:28:49]} b5 {[%clk 1:31:34]} 8. Bd3 {[%clk 1:29:04]} a6 {[%clk 1:31:57]}
9. a4 {[%clk 1:26:53]} Bb7 {[%clk 1:22:36]} 10. O-O {[%clk 1:24:34]} b4
{[%clk 1:15:46]} 11. Ne4 {[%clk 1:23:48]} c5 {[%clk 1:12:44]} 12. Nxf6+
{[%clk 1:22:53]} Qxf6 {[%clk 1:11:00]} 13. a5 {[%clk 1:07:55]} cxd4
{[%clk 0:53:54]} 14. exd4 {[%clk 0:55:30]} Qd8 {[%clk 0:43:34]} 15. Qe2
{[%clk 0:39:04]} Be7 {[%clk 0:42:24]} 16. Be3 {[%clk 0:37:58]} O-O
{[%clk 0:42:20]} 17. Rfc1 {[%clk 0:29:18]} Qb8 {[%clk 0:38:48]} 18. Qc2
{[%clk 0:25:56]} Rc8 {[%clk 0:36:09]} 19. Qa4 {[%clk 0:25:36]} Qd6
{[%clk 0:35:14]} 20. Nd2 {[%clk 0:25:43]} Bc6 {[%clk 0:16:57]} 21. Qd1
{[%clk 0:23:45]} g6 {[%clk 0:14:57]} 22. Qg4 {[%clk 0:20:57]} f5 {[%clk 0:08:14]}
23. Qg3 {[%clk 0:19:43]} Qxg3 {[%clk 0:07:56]} 24. hxg3 {[%clk 0:20:07]} Bb7
{[%clk 0:07:31]} 25. Nc4 {[%clk 0:18:21]} Bd8 {[%clk 0:04:21]} 26. Bd2
{[%clk 0:14:27]} Bf6 {[%clk 0:04:07]} 27. Nd6 {[%clk 0:13:41]} Rxc1+
{[%clk 0:04:22]} 28. Rxc1 {[%clk 0:14:08]} Bd5 {[%clk 0:04:40]} 29. Rc7
{[%clk 0:14:12]} Nf8 {[%clk 0:04:50]} 30. Be3 {[%clk 0:05:51]} Bd8
{[%clk 0:04:27]} 31. Rc8 {[%clk 0:05:37]} Rxc8 {[%clk 0:03:52]} 32. Nxc8
{[%clk 0:06:06]} Bxa5 {[%clk 0:04:16]} 33. Bxa6 {[%clk 0:05:17]} Kf7
{[%clk 0:04:27]} 34. Bd2 {[%clk 0:05:23]} Nd7 {[%clk 0:04:15]} 35. Nd6+
{[%clk 0:04:10]} Kf6 {[%clk 0:01:12]} 36. Nc4 {[%clk 0:03:05]} Bxc4
{[%clk 0:00:35]} 37. Bxc4 {[%clk 0:03:30]} Nb6 {[%clk 0:01:02]} 38. Bb3
{[%clk 0:03:01]} Nd5 {[%clk 0:01:24]} 39. Bxd5 {[%clk 0:01:47]} exd5
{[%clk 0:01:15]} 40. b3 {[%clk 0:32:03]} Bb6 {[%clk 0:31:24]} 41. Be3
{[%clk 0:32:07]} Bc7 {[%clk 0:31:22]} 42. Bd2 {[%clk 0:31:03]} Bd6
{[%clk 0:31:42]} 43. Kf1 {[%clk 0:31:05]} g5 {[%clk 0:31:54]} 44. f4
{[%clk 0:30:08]} Kg6 {[%clk 0:31:20]} 45. Kf2 {[%clk 0:30:32]} Kh5
{[%clk 0:30:54]} 46. Kf3 {[%clk 0:30:54]} h6 {[%clk 0:31:03]} 47. Be1
{[%clk 0:31:06]} g4+ {[%clk 0:31:28]} 1/2-1/2